000
00257nam a2200109Ia 4500
008
200302s9999 xx 000 0 und d
100
_a
Elizabeth Heyert
245
_a
Metropolitan Places
260
_b
Penguin Books Ltd.
260
_c
1989
300
_a
225 P.,
999
_c
1314
_d
1314